[Event "SRI-ch (Women)"]
[Site "Nugegoda"]
[Date "2019.07.06"]
[Round "8"]
[White "Jayaweera, Sayuni Gihansa"]
[Black "Mapa, MMWH"]
[Result "1-0"]
[WhiteElo "1719"]
[BlackElo "1412"]
[PlyCount "157"]
[EventDate "2019.06.29"]
[EventType "tourn"]
[EventRounds "13"]
[EventCountry "SRI"]
[SourceTitle "EXT 2020"]
[Source "ChessBase"]
[SourceDate "2019.10.17"]
[SourceVersion "1"]
[SourceVersionDate "2019.10.17"]
[SourceQuality "1"]

1. d4 d5 2. c4 e6 3. Nf3 Nf6 4. g3 dxc4 5. Bg2 Bb4+ 6. Nc3 Nd5 7. Bd2 Nb6 8. 0-0 Nc6 9. a3 Be7 10. e3 0-0 11. Qe2 a6 12. Be1 Rb8 13. Rd1 Bd7 14. e4 Re8 15. Bd2 Na5 16. Be3 Na4 17. d5 Nxc3 18. bxc3 Qc8 19. Ne5 Ba4 20. dxe6 Qxe6 21. Rd5 Nc6 22. Nxc4 Bb5 23. Qa2 Bxc4 24. Qxc4 Bxa3 25. Qa4 Be7 26. c4 Nb4 27. Rdd1 Qxc4 28. Rc1 Qa2 29. Qxa2 Nxa2 30. Rxc7 b5 31. e5 Bd8 32. Ra7 Nb4 33. Rd1 Bb6 34. Bxb6 Rxb6 35. Rdd7 Rf8 36. f4 g6 37. g4 Nc6 38. Rac7 Nd8 39. f5 b4 40. e6 Nxe6 41. fxe6 Rxe6 42. Bd5 Rf6 43. Rb7 Rf4 44. h3 h6 45. Rd6 a5 46. Rxg6+ Kh7 47. Ra6 Kg7 48. Rxa5 Rd8 49. Rab5 Rd4 50. Rxf7+ Kg6 51. Rf5 Rd7 52. Kf2 Rd2+ 53. Ke3 Rb2 54. h4 Re7+ 55. Kd4 Rd2+ 56. Kc5 Rc7+ 57. Kd6 Ra7 58. h5+ Kg7 59. Rxb4 Rd3 60. Rb6 Rd4 61. g5 hxg5 62. Rxg5+ Kh6 63. Rf5 Kg7 64. h6+ Kh7 65. Ke5 Rh4 66. Rg5 Rc7 67. Be4+ Rxe4+ 68. Kxe4 Re7+ 69. Kd5 Rd7+ 70. Rd6 Rxd6+ 71. Kxd6 Kxh6 72. Rg1 Kh5 73. Ke5 Kh4 74. Kf4 Kh5 75. Rg2 Kh6 76. Kf5 Kh7 77. Kf6 Kh8 78. Kf7 Kh7 79. Rh2# 1-0

[Event "SRI-ch (Women)"]
[Site "Nugegoda"]
[Date "2019.07.05"]
[Round "7"]
[White "Jayaweera, Sayuni Gihansa"]
[Black "Methmani, Nelunika"]
[Result "1-0"]
[WhiteElo "1719"]
[BlackElo "1623"]
[PlyCount "69"]
[EventDate "2019.06.29"]
[EventType "tourn"]
[EventRounds "13"]
[EventCountry "SRI"]
[SourceTitle "EXT 2020"]
[Source "ChessBase"]
[SourceDate "2019.10.17"]
[SourceVersion "1"]
[SourceVersionDate "2019.10.17"]
[SourceQuality "1"]

1. d4 d5 2. c4 e6 3. Nf3 c6 4. Qc2 f5 5. g3 Bd6 6. Bg2 Nf6 7. 0-0 0-0 8. Nc3 Ne4 9. Rb1 Nd7 10. b4 a6 11. c5 Bc7 12. a4 Qe8 13. b5 e5 14. Nxd5 cxd5 15. c6 bxc6 16. Qxc6 Ra7 17. dxe5 d4 18. Ba3 Bxe5 19. Bxf8 Kxf8 20. b6 Rb7 21. Rfc1 Nc3 22. Nxe5 Nxe5 23. Qc5+ Kg8 24. Rb2 Rb8 25. Qxd4 Nxa4 26. Rbb1 Bd7 27. f4 Ng4 28. Rc7 Nf6 29. b7 Qxe2 30. Rxd7 Nxd7 31. Qxd7 Qe3+ 32. Kh1 Nb6 33. Qc7 Re8 34. b8Q Rxb8 35. Qxb8+ 1-0

[Event "SRI-ch (Women)"]
[Site "Nugegoda"]
[Date "2019.06.30"]
[Round "4"]
[White "Jayatilaka, WMM Amodya"]
[Black "Jayaweera, Sayuni Gihansa"]
[Result "0-1"]
[WhiteElo "1388"]
[BlackElo "1719"]
[PlyCount "98"]
[EventDate "2019.06.29"]
[EventType "tourn"]
[EventRounds "13"]
[EventCountry "SRI"]
[SourceTitle "EXT 2020"]
[Source "ChessBase"]
[SourceDate "2019.10.17"]
[SourceVersion "1"]
[SourceVersionDate "2019.10.17"]
[SourceQuality "1"]

1. c4 Nf6 2. g3 c5 3. Bg2 g6 4. Nc3 Bg7 5. e3 0-0 6. Nge2 Nc6 7. 0-0 d6 8. d4 Bg4 9. h3 cxd4 10. exd4 Bxe2 11. Nxe2 d5 12. b3 Rc8 13. Be3 dxc4 14. bxc4 Na5 15. c5 Nd5 16. Bd2 Nc4 17. Rb1 b6 18. Qc2 Na3 19. Qb3 Nxb1 20. Rxb1 e6 21. Rc1 bxc5 22. dxc5 Rb8 23. Qc4 Rb2 24. Bc3 Nxc3 25. Nxc3 Qd2 26. Ne4 Qd4 27. c6 Qxc4 28. Rxc4 Be5 29. Nc5 Bd6 30. Nd7 Rc8 31. Ra4 Rc7 32. Rd4 Be7 33. Ra4 Rb4 34. Ra5 f6 35. Kf1 Rb2 36. Ra4 Kf7 37. Ke1 Bb4+ 38. Kf1 Bd6 39. Rd4 Ke7 40. Rh4 h5 41. g4 Rb4 42. Ke2 Rxd7 43. cxd7 Kxd7 44. a3 Ra4 45. Bf3 Be7 46. Ke3 f5 47. Rxh5 gxh5 48. gxh5 Bg5+ 49. Ke2 Rxa3 0-1

[Event "SRI-ch (Women)"]
[Site "Nugegoda"]
[Date "2019.06.30"]
[Round "3"]
[White "Jayaweera, Sayuni Gihansa"]
[Black "Premanath, Prasansa"]
[Result "1-0"]
[WhiteElo "1719"]
[BlackElo "1347"]
[PlyCount "95"]
[EventDate "2019.06.29"]
[EventType "tourn"]
[EventRounds "13"]
[EventCountry "SRI"]
[SourceTitle "EXT 2020"]
[Source "ChessBase"]
[SourceDate "2019.10.17"]
[SourceVersion "1"]
[SourceVersionDate "2019.10.17"]
[SourceQuality "1"]

1. d4 d5 2. c4 e6 3. Nf3 Nf6 4. g3 dxc4 5. Bg2 a6 6. Ne5 Nd5 7. Nxc4 b5 8. Ne5 Bb7 9. 0-0 c5 10. dxc5 Bxc5 11. e4 Qc7 12. exd5 Qxe5 13. dxe6 Bxg2 14. exf7+ Kxf7 15. Kxg2 Ra7 16. Re1 Qf6 17. Qh5+ g6 18. Qxc5 Qc6+ 19. Qxc6 Nxc6 20. Be3 Rd7 21. Nc3 Rhd8 22. Rad1 b4 23. Rxd7+ Rxd7 24. Rd1 Ke6 25. Rxd7 Kxd7 26. Ne4 Ke7 27. Bc5+ Kd8 28. f4 a5 29. Kf3 Kc7 30. Nf6 h6 31. Ng4 h5 32. Ne5 Nxe5+ 33. fxe5 Kc6 34. Bd6 Kd5 35. Kf4 Ke6 36. Ke4 g5 37. Kd4 h4 38. gxh4 gxh4 39. Kc5 Kf5 40. Kb5 h3 41. Kxa5 b3 42. axb3 Ke6 43. b4 Kd5 44. b5 Ke4 45. b6 Kf3 46. b7 Kg2 47. e6 Kf3 48. b8Q 1-0

[Event "SRI-ch (Women)"]
[Site "Nugegoda"]
[Date "2019.06.29"]
[Round "2"]
[White "Ranasinghe, Sachini D"]
[Black "Jayaweera, Sayuni Gihansa"]
[Result "0-1"]
[WhiteElo "1844"]
[BlackElo "1719"]
[PlyCount "50"]
[EventDate "2019.06.29"]
[EventType "tourn"]
[EventRounds "13"]
[EventCountry "SRI"]
[SourceTitle "EXT 2020"]
[Source "ChessBase"]
[SourceDate "2019.10.17"]
[SourceVersion "1"]
[SourceVersionDate "2019.10.17"]
[SourceQuality "1"]

1. c4 Nf6 2. Nc3 g6 3. e4 d6 4. d4 Bg7 5. f4 c5 6. dxc5 Qa5 7. Qd3 Nxe4 8. Qxe4 Bxc3+ 9. Kd1 Bf6 10. cxd6 0-0 11. Bd2 Qa4+ 12. Qc2 Qd7 13. dxe7 Qxe7 14. Kc1 Nc6 15. Nf3 Bf5 16. Bd3 Bxd3 17. Qxd3 Rfd8 18. Qb3 Qe2 19. Re1 Qxg2 20. Rb1 Rd7 21. Qe3 Re7 22. Qb3 Rxe1+ 23. Bxe1 Re8 24. Bd2 Re2 25. Qd3 Qf1+ 0-1

[Event "Olympiad Women-43"]
[Site "Batumi"]
[Date "2018.10.02"]
[Round "8.4"]
[White "Jayaweera, Sayuni Gihansa"]
[Black "Trippold, Denise"]
[Result "0-1"]
[WhiteElo "1655"]
[BlackElo "2146"]
[PlyCount "94"]
[EventDate "2018.09.24"]
[EventType "team-swiss"]
[EventRounds "11"]
[EventCountry "GEO"]
[SourceTitle "EXT 2020"]
[Source "ChessBase"]
[SourceDate "2019.10.17"]
[SourceVersion "1"]
[SourceVersionDate "2019.10.17"]
[SourceQuality "1"]
[WhiteTeam "Sri Lanka (W)"]
[BlackTeam "Austria (W)"]
[WhiteTeamCountry "SRI"]
[BlackTeamCountry "AUT"]

1. d4 Nf6 2. g3 c5 3. c3 g6 4. Bg2 d5 5. dxc5 Bg7 6. b4 0-0 7. Bb2 b6 8. cxb6 Qxb6 9. Qd4 Qc7 10. Nf3 Nc6 11. Qd1 Ne4 12. Qxd5 Bf5 13. Qc4 Qb6 14. 0-0 Nxb4 15. Nbd2 Nc2 16. Nxe4 Qxb2 17. Rab1 Na3 18. Rxb2 Nxc4 19. Rb4 Rac8 20. Nh4 Bxe4 21. Bxe4 Bxc3 22. Ra4 a5 23. Rc1 Bb4 24. Bb7 Nb2 25. Rxc8 Rxc8 26. Bxc8 Nxa4 27. Ba6 Nc3 28. Bc4 Bc5 29. Kg2 Nd1 30. e3 Bxe3 31. Bxf7+ Kxf7 32. fxe3 Nxe3+ 33. Kf3 Nd5 34. a3 Nb6 35. Ke4 Nc4 36. a4 Nb6 37. Kd4 Nxa4 38. Kc4 Nb6+ 39. Kb5 a4 40. Kb4 e5 41. Nf3 Kf6 42. Nd2 Kf5 43. Kb5 e4 44. Nb1 e3 45. Nc3 a3 46. Kb4 a2 47. Nxa2 e2 0-1

[Event "Olympiad Women-43"]
[Site "Batumi"]
[Date "2018.09.27"]
[Round "4.20"]
[White "Fuchs, Judith"]
[Black "Jayaweera, Sayuni Gihansa"]
[Result "1-0"]
[WhiteElo "2274"]
[BlackElo "1655"]
[PlyCount "99"]
[EventDate "2018.09.24"]
[EventType "team-swiss"]
[EventRounds "11"]
[EventCountry "GEO"]
[SourceTitle "EXT 2020"]
[Source "ChessBase"]
[SourceDate "2019.10.17"]
[SourceVersion "1"]
[SourceVersionDate "2019.10.17"]
[SourceQuality "1"]
[WhiteTeam "Germany (W)"]
[BlackTeam "Sri Lanka (W)"]
[WhiteTeamCountry "GER"]
[BlackTeamCountry "SRI"]

1. d4 Nf6 2. Bf4 g6 3. Nc3 c5 4. d5 Bg7 5. e4 d6 6. Bb5+ Bd7 7. a4 Qa5 8. Bd2 0-0 9. Nf3 Qb4 10. Qe2 Bg4 11. 0-0 a6 12. Bc4 Qa5 13. h3 Bxf3 14. Qxf3 Nbd7 15. Qe2 Qc7 16. f4 Rac8 17. a5 Kh8 18. Be1 Ng8 19. g4 Ngf6 20. Bg3 b5 21. axb6 Qxb6 22. Na4 Qa7 23. Kh1 a5 24. Nc3 Nb6 25. Nb5 Qa8 26. Ba2 c4 27. Kh2 Nfd7 28. c3 f5 29. gxf5 gxf5 30. Bh4 Bf6 31. Bxf6+ Nxf6 32. exf5 Qxd5 33. Nd4 Rg8 34. Rg1 Qb7 35. Raf1 Nbd5 36. Bxc4 Rxc4 37. Qxc4 Ne3 38. Qe2 Nxf1+ 39. Rxf1 Ne4 40. Rg1 Rxg1 41. Kxg1 Qd5 42. Kh2 a4 43. Qa6 Nc5 44. Qe2 Ne4 45. Qe3 Qb7 46. Kg1 Nc5 47. f6 Qxb2 48. fxe7 Qb1+ 49. Kh2 Qa2+ 50. Qe2 1-0